000 00639nam a2200241Ia 4500
003 OSt
005 20221007082430.0
006 a|||||r|||| 00| 0
007 ta
008 221006b |||||||| |||| 00| 0 eng d
024 _a14,565
037 _cReports / Technical Reports
040 _aFLL
_cFLL
_beng
041 _2eng
_aeng
082 _aX:546.2.N82-N81, M1
110 _aGovt. of india
245 0 _aExport policy April 1981- March 1982
260 _c1981
300 _a247p
_ccm.
700 _aGovt. of india
942 _hX:546.2.N82-N81, M1
_cREP
_2CC
999 _c1166407
_d1166407